[Event "Jan Macieja Memorial"]
[Site "Warsaw POL"]
[Date "2023.07.10"]
[Round "1.30"]
[White "Kotowicz, Kamil"]
[Black "Sriram, Jha"]
[Result "0-1"]
[WhiteElo "1726"]
[BlackElo "2221"]
[EventDate "2023.07.10"]
[PlyCount "232"]

1.d4 Nf6 2.c4 e6 3.Nf3 d5 4.cxd5 exd5 5.Nc3 Be7 6.Bg5 O-O 7.e3 c6 8.Bd3 Nbd7 
9.O-O Re8 10.Rb1 a5 11.Qc2 Nf8 12.Ne5 N6d7 13.Bxe7 Qxe7 14.Nxd7 Bxd7 15.Na4 g6 
16.Nb6 Ra7 17.Rfc1 Ne6 18.a3 Rd8 19.Be2 Be8 20.Bf3 Ra6 21.Na4 Ra7 22.Nc5 Ng5 
23.Qe2 f6 24.b4 axb4 25.Rxb4 Ne6 26.Nxe6 Qxe6 27.Qb2 b5 28.Bd1 Rda8 29.Ra1 Qd6 
30.a4 bxa4 31.Rbxa4 Rxa4 32.Rxa4 Rb8 33.Qc1 Rc8 34.Ra6 Qb4 35.Ba4 Qb7 36.Ra5 
Qb6 37.Rc5 Qa6 38.Bd1 Bd7 39.h3 Kg7 40.Bf3 Qb7 41.Kh2 Qb8+ 42.g3 Qb6 43.Kg2 Qb7 
44.Qc3 h5 45.h4 Bg4 46.Bxg4 hxg4 47.Qc1 Qd7 48.Qd1 Qe6 49.Qd3 f5 50.Qc2 Kh6 
51.Qd3 Kg7 52.Qc2 Kf7 53.Ra5 Rc7 54.Rc5 Ke7 55.Qb1 Qe4+ 56.Qxe4+ fxe4 57.Kf1 
Kd6 58.Ke2 Ra7 59.Rc2 Ra1 60.Kd2 Ra5 61.Ke2 Rb5 62.Kd2 Rb3 63.Ke2 Rd3 64.Rc5 
Ra3 65.Rc2 Kc7 66.Kd2 Rb3 67.Ke2 Kb6 68.Kd2 Kb5 69.Ke2 Rb4 70.Kd2 Rb1 71.Ke2 
Kb6 72.Kd2 Rb3 73.Ke2 Ra3 74.Kd2 Ra8 75.Rb2+ Kc7 76.Rc2 Rg8 77.Kc3 g5 78.hxg5 
Rxg5 79.Rc1 Rh5 80.Rc2 Rh1 81.Kd2 Ra1 82.Rc1 Ra3 83.Rc2 Rb3 84.Ke2 Kb6 85.Kd2 
Kb5 86.Rc5+ Kb6 87.Rc2 Rb4 88.Ke2 Ra4 89.Kd2 Ra3 90.Ke2 Rd3 91.Rc5 Ra3 92.Rc2 
Ra5 93.Kd2 Rb5 94.Ke2 c5 95.dxc5+ Rxc5 96.Kd2 Rxc2+ 97.Kxc2 Kb5 98.Kb3 Kc5 
99.Kc3 Kc6 100.Kc2 Kd6 101.Kd2 Kc6 102.Kc2 Kb6 103.Kb2 Kb5 104.Kb3 Kc5 105.Kc3 
Kc6 106.Kc2 Kd6 107.Kd2 Ke6 108.Kc2 Kf5 109.Kb3 Ke5 110.Kc3 Ke6 111.Kb4 Kd6 
112.Kb5 d4 113.exd4 Kd5 114.Kb6 Kxd4 115.Kc6 e3 116.fxe3+ Kxe3 0-1

[Event "Jan Macieja Memorial"]
[Site "Warsaw POL"]
[Date "2023.07.10"]
[Round "1.31"]
[White "Kopczynski, Michal"]
[Black "Nasuta, Andrzej"]
[Result "1-0"]
[WhiteElo "2210"]
[BlackElo "1558"]
[EventDate "2023.07.10"]
[PlyCount "77"]

1.e4 e5 2.Nf3 Nc6 3.Bb5 a6 4.Ba4 d6 5.O-O Bg4 6.h3 Bh5 7.d3 Nf6 8.Be3 Be7 
9.Nbd2 O-O 10.c3 b5 11.Bc2 Na5 12.d4 exd4 13.cxd4 Bg6 14.Re1 Nc4 15.Nxc4 bxc4 
16.e5 dxe5 17.Bxg6 hxg6 18.dxe5 Nd5 19.Qc2 Bb4 20.Bd2 Bxd2 21.Qxd2 c6 22.Rad1 
Qb6 23.e6 fxe6 24.Ng5 Nf4 25.Qd4 Qb5 26.Nxe6 Nxe6 27.Rxe6 Rad8 28.Rd6 Rxd6 
29.Qxd6 Qxb2 30.Rf1 c3 31.Qxc6 c2 32.Qc4+ Kh8 33.h4 Rb8 34.h5 Qb1 35.hxg6 Qxf1+ 
36.Kxf1 Rb1+ 37.Ke2 c1=Q 38.Qh4+ Kg8 39.Qd8# 1-0

[Event "Jan Macieja Memorial"]
[Site "Warsaw POL"]
[Date "2023.07.10"]
[Round "1.32"]
[White "Kuznik, Kamil"]
[Black "Chomczyk, Marek"]
[Result "0-1"]
[WhiteElo "1545"]
[BlackElo "2217"]
[EventDate "2023.07.10"]
[PlyCount "64"]

1.e4 e5 2.Nf3 Nf6 3.Nxe5 Nxe4 4.Qe2 Qe7 5.Qxe4 d6 6.d4 dxe5 7.dxe5 Nc6 8.Bb5 
Bd7 9.O-O O-O-O 10.Nc3 Nxe5 11.Nd5 Qd6 12.Nc3 Bxb5 13.Nxb5 Qd5 14.Qf5+ Kb8 
15.Nc3 Qe6 16.Qxe6 fxe6 17.Bg5 Re8 18.Rfe1 Nc4 19.Rad1 Bb4 20.Re4 Nxb2 21.Rxb4 
Nxd1 22.Nxd1 h6 23.Be3 Rd8 24.Nc3 Rd6 25.g3 Rc6 26.Rb3 Rd8 27.Nb5 Rxc2 28.Bxa7+ 
Kc8 29.Be3 Rxa2 30.Na7+ Kd7 31.Rxb7 Ra8 32.Nb5 Kc6 0-1

[Event "Jan Macieja Memorial"]
[Site "Warsaw POL"]
[Date "2023.07.10"]
[Round "1.33"]
[White "Karpus, Michal"]
[Black "Serenkov, Boris"]
[Result "1-0"]
[WhiteElo "2181"]
[BlackElo "1546"]
[EventDate "2023.07.10"]
[PlyCount "69"]

1.e4 c5 2.Nc3 e6 3.Nf3 Nc6 4.d4 cxd4 5.Nxd4 Nf6 6.Ndb5 Bb4 7.a3 Bxc3+ 8.Nxc3 d5 
9.exd5 exd5 10.Bd3 O-O 11.O-O Bg4 12.f3 Bh5 13.Kh1 a6 14.Bg5 Qd6 15.Qc1 Rfe8 
16.Bxf6 gxf6 17.Ne2 Ne5 18.Ng3 Bg6 19.Qd2 Nxd3 20.cxd3 d4 21.f4 f5 22.Rfe1 Re6 
23.Rxe6 fxe6 24.Re1 Be8 25.Qe2 Rc8 26.h3 Rc6 27.Qf2 Qd5 28.Kh2 b5 29.Re5 Qb3 
30.Nxf5 exf5 31.Rxe8+ Kf7 32.Qe2 Rc7 33.Qh5+ Kg7 34.Qg5+ Kf7 35.Qg8+ 1-0

[Event "Jan Macieja Memorial"]
[Site "Warsaw POL"]
[Date "2023.07.10"]
[Round "1.34"]
[White "Gronkowski, Dariusz"]
[Black "Redzisz, Michal"]
[Result "0-1"]
[WhiteElo "1539"]
[BlackElo "2103"]
[EventDate "2023.07.10"]
[PlyCount "124"]

1.f4 d5 2.Nf3 g6 3.c4 d4 4.b3 Bg7 5.Bb2 c5 6.g3 Nc6 7.Bg2 Nf6 8.O-O O-O 9.Na3 
Re8 10.d3 e5 11.fxe5 Nxe5 12.Nxe5 Rxe5 13.e4 Bg4 14.Qe1 Qd7 15.Bc1 Nh5 16.Qf2 
Rf8 17.Bd2 f5 18.Bf4 fxe4 19.Bxe4 Bh3 20.Bg2 Nxf4 21.gxf4 Re3 22.Rae1 Qg4 
23.Rxe3 dxe3 24.Qf3 e2 25.Re1 Bd4+ 26.Kh1 Bxg2+ 27.Qxg2 Rxf4 28.Rxe2 Qxg2+ 
29.Kxg2 Rg4+ 30.Kf3 Rg1 31.Nb5 Rf1+ 32.Ke4 Bf6 33.Nd6 h5 34.Kd5 b6 35.Re8+ Kg7 
36.Re4 Kh6 37.Re6 h4 38.Ne4 Rf5+ 39.Kc6 Bd4 40.Re8 Rf7 41.Nd6 Rf6 42.Kd5 Kh5 
43.h3 Rf3 44.Rh8+ Bxh8 45.Ke4 Rxh3 46.Nf7 Bf6 47.Nd6 Rh1 48.Kd5 Ra1 49.Ne4 Bg7 
50.Kc6 Rxa2 51.Nd6 h3 52.Ne4 h2 53.Kb5 Kg4 54.Nf2+ Rxf2 55.d4 cxd4 56.c5 bxc5 
57.b4 h1=Q 58.bxc5 Qb7+ 59.Kc4 Rc2+ 60.Kd3 Qb3+ 61.Ke4 Qe6+ 62.Kd3 Qe2# 0-1

[Event "Jan Macieja Memorial"]
[Site "Warsaw POL"]
[Date "2023.07.10"]
[Round "1.35"]
[White "Kovalevsky, Stanislav"]
[Black "Pieczek, Magdalena"]
[Result "1-0"]
[WhiteElo "2133"]
[BlackElo "1531"]
[EventDate "2023.07.10"]
[PlyCount "45"]

1.c4 e6 2.e4 d5 3.cxd5 exd5 4.exd5 Qxd5 5.Nc3 Qd8 6.Bc4 Nf6 7.Nf3 Be7 8.O-O O-O 
9.h3 b6 10.d4 Bb7 11.Re1 Nbd7 12.Bf4 Rc8 13.Qd3 Bd6 14.Bxd6 cxd6 15.Bb3 a6 
16.Re3 Re8 17.Rae1 Rxe3 18.Rxe3 b5 19.Qf5 Nb6 20.Ng5 Nc4 21.Rg3 g6 22.Qf4 Qd7 
23.Qxf6 1-0

[Event "Jan Macieja Memorial"]
[Site "Warsaw POL"]
[Date "2023.07.10"]
[Round "1.36"]
[White "Orzechowski, Michal"]
[Black "Minald, Andrey"]
[Result "0-1"]
[WhiteElo "1526"]
[BlackElo "2155"]
[EventDate "2023.07.10"]
[PlyCount "144"]

1.d4 Nf6 2.Nf3 g6 3.c4 Bg7 4.Nc3 O-O 5.e4 d6 6.Be2 Nbd7 7.O-O e5 8.Be3 Ng4 
9.Bg5 f6 10.Bd2 c6 11.Rc1 Qe7 12.Re1 Re8 13.Bf1 a6 14.b4 a5 15.a3 axb4 16.axb4 
Nf8 17.Qb3 Kh8 18.b5 Ne6 19.d5 Nc5 20.Qb4 Bd7 21.Ra1 f5 22.h3 Nf6 23.exf5 gxf5 
24.Be3 cxd5 25.cxd5 Nce4 26.Nxe4 Nxe4 27.b6 Rxa1 28.Rxa1 Nc5 29.Ra7 Rb8 30.Ng5 
f4 31.Bxc5 dxc5 32.Qc4 Qxg5 33.Qxc5 Qd8 34.Qc7 e4 35.Rxb7 Qxc7 36.Rxc7 Bc8 
37.d6 Bf6 38.d7 Bb7 39.Bb5 Bd4 40.Bc6 Ba6 41.b7 Bxb7 42.Bxb7 Rd8 43.Rc8 Bf6 
44.Bxe4 Kg7 45.Kf1 h5 46.Rxd8 Bxd8 47.Ke2 Kf6 48.Kf3 Ke5 49.Bg6 h4 50.Be8 Be7 
51.Kg4 Bd8 52.Bg6 Be7 53.Bc2 Bd8 54.Bb3 Kd6 55.Ba4 Ke5 56.g3 fxg3 57.fxg3 hxg3 
58.Kxg3 Kf6 59.Kg4 Kg7 60.Kf5 Kh8 61.Kg6 Bc7 62.Bb3 Bb6 63.h4 Bc7 64.h5 Bb6 
65.Bc4 Bc7 66.Bd3 Bb6 67.Kf7 Bc7 68.Be4 Bb6 69.Bf5 Bc7 70.Ke6 Bb6 71.Kd5 Ba5 
72.Kc6 Bd8 0-1

[Event "Jan Macieja Memorial"]
[Site "Warsaw POL"]
[Date "2023.07.10"]
[Round "1.37"]
[White "Ladan, Nicholas"]
[Black "Malowidzki, Maciej"]
[Result "1-0"]
[WhiteElo "2162"]
[BlackElo "1504"]
[EventDate "2023.07.10"]
[PlyCount "99"]

1.d4 Nf6 2.Nf3 e6 3.Bf4 b6 4.e3 Bb7 5.Nbd2 c5 6.Nc4 d6 7.c3 Be7 8.a4 Nh5 9.Bg3 
O-O 10.Be2 Qc7 11.dxc5 Qxc5 12.Bxd6 Bxd6 13.Qxd6 Na6 14.Qxc5 Nxc5 15.a5 Nb3 
16.Ra3 Nxa5 17.Nxa5 bxa5 18.Rxa5 Nf6 19.O-O Rfb8 20.Rfa1 Bd5 21.b4 Rc8 22.Rxa7 
Rxa7 23.Rxa7 Rxc3 24.h3 Rc2 25.Bd3 Rb2 26.Bc4 h6 27.Bxd5 Nxd5 28.Ne5 f6 29.Nc6 
Rb1+ 30.Kh2 Rb2 31.Ra8+ Kh7 32.Rb8 Rxf2 33.Kg3 Rc2 34.b5 Nxe3 35.Kf3 Nxg2 
36.Nd8 Nh4+ 37.Ke4 Ng6 38.Nxe6 Re2+ 39.Kd5 Ne7+ 40.Kd6 Nf5+ 41.Kd7 Rd2+ 42.Kc6 
Rd6+ 43.Kc5 Rxe6 44.b6 Re5+ 45.Kc6 Nd4+ 46.Kc7 Ne6+ 47.Kc6 Nc5 48.Kd6 g5 49.b7 
Nxb7+ 50.Rxb7+ 1-0

[Event "Jan Macieja Memorial"]
[Site "Warsaw POL"]
[Date "2023.07.10"]
[Round "1.38"]
[White "Malicki, Jan"]
[Black "Chylewski, Patryk"]
[Result "0-1"]
[WhiteElo "1551"]
[BlackElo "2226"]
[EventDate "2023.07.10"]
[PlyCount "64"]

1.d4 Nf6 2.Nf3 e6 3.c4 b6 4.Nc3 Bb4 5.g3 Ba6 6.Nd2 Bb7 7.Nf3 Ne4 8.Bd2 Bxc3 
9.Bxc3 Nxc3 10.bxc3 O-O 11.Bg2 d6 12.O-O Nd7 13.a4 a5 14.Qc2 Nf6 15.Nd2 Bxg2 
16.Kxg2 e5 17.Ne4 Nd7 18.Rad1 Qe7 19.Qd2 exd4 20.Qxd4 Rfe8 21.f3 f5 22.Qd5+ Qe6 
23.Ng5 Qxd5 24.Rxd5 Rxe2+ 25.Rf2 Rxf2+ 26.Kxf2 g6 27.Ne6 Rc8 28.g4 fxg4 29.fxg4 
Ne5 30.Rd4 h6 31.Nf4 Nxg4+ 32.Kg3 Ne5 0-1

[Event "Jan Macieja Memorial"]
[Site "Warsaw POL"]
[Date "2023.07.10"]
[Round "1.39"]
[White "Fistek, Dariusz"]
[Black "Staszewski, Krzysztof"]
[Result "1-0"]
[WhiteElo "2159"]
[BlackElo "1488"]
[EventDate "2023.07.10"]
[PlyCount "61"]

1.d4 Nf6 2.c4 e5 3.dxe5 Ng4 4.Nf3 Nc6 5.Nc3 Ngxe5 6.e3 Bb4 7.Bd2 O-O 8.a3 Be7 
9.Be2 b6 10.O-O a5 11.Nd4 Bb7 12.f4 Ng6 13.Bf3 Rb8 14.Ndb5 Bf6 15.Qc2 Re8 
16.Nd5 Ba6 17.Nbxc7 Bb7 18.Nxe8 Qxe8 19.Nxf6+ gxf6 20.Rae1 Qe7 21.Bc3 Re8 
22.Qf5 Nd8 23.Bxf6 Qc5 24.Qxd7 Bc6 25.Qd4 Qxd4 26.Bxd4 Bxf3 27.Rxf3 Nc6 28.Bxb6 
Rb8 29.c5 Nce7 30.Rd1 Nd5 31.Rxd5 1-0

[Event "Jan Macieja Memorial"]
[Site "Warsaw POL"]
[Date "2023.07.10"]
[Round "1.40"]
[White "Paziewski, Marcin"]
[Black "Wiech, Grzegorz"]
[Result "0-1"]
[WhiteElo "1463"]
[BlackElo "2131"]
[EventDate "2023.07.10"]
[PlyCount "78"]

1.d4 c5 2.d5 e6 3.c4 exd5 4.cxd5 d6 5.e4 Nf6 6.Nc3 g6 7.Nf3 Bg7 8.Nd2 O-O 9.f3 
Re8 10.Be2 Nbd7 11.Nc4 Ne5 12.O-O a6 13.a4 Nxc4 14.Bxc4 Nd7 15.Bf4 Ne5 16.Bxe5 
Bxe5 17.a5 Rb8 18.Qc2 b5 19.axb6 Rxb6 20.Rae1 f5 21.f4 Bd4+ 22.Kh1 fxe4 23.Nxe4 
Rxb2 24.Qd3 Bf5 25.h3 Kg7 26.g4 Bxe4+ 27.Rxe4 Rxe4 28.Qxe4 Qh4 29.Qf3 Rc2 
30.Bd3 Rf2 31.Rxf2 Bxf2 32.f5 Bd4 33.fxg6 hxg6 34.Qe2 a5 35.Kg2 a4 36.Qe6 Qg5 
37.Qd7+ Kh6 38.Qxa4 Qd2+ 39.Kf1 Qxd3+ 0-1

[Event "Jan Macieja Memorial"]
[Site "Warsaw POL"]
[Date "2023.07.10"]
[Round "1.41"]
[White "Ochedzan, Tymon"]
[Black "Wnuk, Piotr"]
[Result "1-0"]
[WhiteElo "2149"]
[BlackElo "1453"]
[EventDate "2023.07.10"]
[PlyCount "69"]

1.e4 Nf6 2.e5 Nd5 3.Nc3 Nxc3 4.dxc3 d6 5.Bf4 Nc6 6.Bb5 Bd7 7.Qe2 e6 8.O-O-O d5 
9.Nf3 a6 10.Bd3 Bc5 11.c4 Qe7 12.Bg5 f6 13.exf6 gxf6 14.Bh4 d4 15.Rhe1 Ba3 
16.c3 dxc3 17.bxa3 Qxa3+ 18.Kb1 Nb4 19.Bxf6 Rf8 20.Be5 Ba4 21.Bxc3 Qxc3 
22.Qxe6+ Kd8 23.Qe7+ Kc8 24.Qxf8+ Kd7 25.Qf5+ Kc6 26.Re6+ Kd7 27.Bc2+ Nd3 
28.Rxd3+ Qxd3 29.Qxd3+ Kxe6 30.Qe4+ Kf7 31.Ng5+ Kf8 32.Qf5+ Ke8 33.Qf7+ Kd8 
34.Ne6+ Kc8 35.Qxc7# 1-0

[Event "Jan Macieja Memorial"]
[Site "Warsaw POL"]
[Date "2023.07.10"]
[Round "1.42"]
[White "Strawa, Jakub"]
[Black "Kubicka, Anna"]
[Result "0-1"]
[WhiteElo "1452"]
[BlackElo "2144"]
[EventDate "2023.07.10"]
[PlyCount "68"]

1.e4 c5 2.Nf3 d6 3.d4 cxd4 4.Nxd4 Nf6 5.Nc3 a6 6.Bg5 Nbd7 7.f4 Qc7 8.Qf3 h6 
9.Bh4 g5 10.Bg3 gxf4 11.Bxf4 e5 12.O-O-O exf4 13.Qxf4 Qc5 14.Nf5 Qe5 15.Qd2 Nc5 
16.Bd3 Bxf5 17.exf5 O-O-O 18.g3 h5 19.Rhe1 Qd4 20.Qg5 Bh6 21.h4 Bxg5+ 22.hxg5 
Ng4 23.g6 fxg6 24.fxg6 Kb8 25.Bf5 Qf6 26.Bxg4 hxg4 27.Nd5 Qxg6 28.Kb1 Rh2 
29.Rc1 Ne4 30.Nf4 Qh7 31.Ne6 Rc8 32.Nd4 Nxg3 33.Rg1 Ne2 34.Nxe2 Rxe2 0-1

[Event "Jan Macieja Memorial"]
[Site "Warsaw POL"]
[Date "2023.07.10"]
[Round "1.43"]
[White "Dzida, Kamil"]
[Black "Czech, Franciszek"]
[Result "1-0"]
[WhiteElo "2139"]
[BlackElo "1393"]
[EventDate "2023.07.10"]
[PlyCount "54"]

1.e4 c5 2.Nf3 g6 3.d4 cxd4 4.Qxd4 Nf6 5.Nc3 Nc6 6.Qa4 d6 7.e5 dxe5 8.Nxe5 Bd7 
9.Nxd7 Nxd7 10.Bb5 Bg7 11.Bxc6 bxc6 12.O-O Qc7 13.Re1 Nf6 14.Bf4 Qb7 15.Bd6 e6 
16.Rad1 Rd8 17.Bc5 Rxd1 18.Rxd1 Nd7 19.Ba3 f5 20.Qc4 Kf7 21.Rd6 Re8 22.Rxc6 
Bxc3 23.Qxc3 Kg8 24.h3 e5 25.Qc4+ Kh8 26.Rc7 Qa8 27.Rxd7 Rc8 1-0

[Event "Jan Macieja Memorial"]
[Site "Warsaw POL"]
[Date "2023.07.10"]
[Round "1.44"]
[White "Mueck, Piotr"]
[Black "Kokoszczynski, Jan"]
[Result "0-1"]
[WhiteElo "1447"]
[BlackElo "2198"]
[EventDate "2023.07.10"]
[PlyCount "96"]

1.d4 d5 2.Nf3 c6 3.c4 Nf6 4.Nc3 e6 5.e3 Nbd7 6.Bd3 dxc4 7.Bxc4 b5 8.Bd3 a6 
9.O-O Bb7 10.b3 Bd6 11.Bb2 O-O 12.h3 Rc8 13.Rc1 Qe7 14.Bb1 Rfd8 15.Qe2 e5 
16.dxe5 Nxe5 17.Nxe5 Bxe5 18.Rfd1 c5 19.Rxd8+ Rxd8 20.Rd1 Re8 21.Qd3 g6 22.Na4 
bxa4 23.Bxe5 Qxe5 24.Qd6 Qxd6 25.Rxd6 Ne4 26.Rd7 Bc6 27.Rc7 Bb5 28.bxa4 Bxa4 
29.Bxe4 Rxe4 30.Rxc5 Bb5 31.Rc3 Rb4 32.a3 Rb2 33.e4 h5 34.f3 Kf8 35.f4 Ke7 
36.e5 Kd7 37.g4 hxg4 38.hxg4 Rd2 39.f5 Rd4 40.Rg3 g5 41.Kf2 Rf4+ 42.Ke3 Bc6 
43.Kd3 Bf3 44.Ke3 Bxg4 45.Rg1 Bxf5 46.Rxg5 Re4+ 47.Kf3 Ke6 48.Rh5 Bg4+ 0-1

[Event "Jan Macieja Memorial"]
[Site "Warsaw POL"]
[Date "2023.07.10"]
[Round "1.45"]
[White "Lada, Marek"]
[Black "Stachniak, Stanislaw"]
[Result "0-1"]
[WhiteElo "2133"]
[BlackElo "1439"]
[EventDate "2023.07.10"]
[PlyCount "50"]

1.d4 Nf6 2.c4 g6 3.Nc3 Bg7 4.e4 d6 5.Nf3 O-O 6.Be2 e5 7.d5 Ne8 8.O-O f5 9.Bg5 
Nf6 10.Nd2 f4 11.b4 h6 12.Bxf6 Qxf6 13.c5 Nd7 14.Bg4 h5 15.Bxd7 Bxd7 16.Nc4 Qe7 
17.cxd6 cxd6 18.Rc1 f3 19.g3 Rac8 20.Qd3 h4 21.Rfe1 hxg3 22.hxg3 Qg5 23.Nxd6 
Qh5 24.Nxc8 Bxc8 25.d6 Bh3 0-1

[Event "Jan Macieja Memorial"]
[Site "Warsaw POL"]
[Date "2023.07.10"]
[Round "1.46"]
[White "Okruch, Jaroslaw"]
[Black "Fiszer, Bartosz"]
[Result "0-1"]
[WhiteElo "1431"]
[BlackElo "2132"]
[EventDate "2023.07.10"]
[PlyCount "67"]

1.d4 Nf6 2.c4 g6 3.Nc3 Bg7 4.Bf4 d6 5.e3 O-O 6.h3 Nbd7 7.Nf3 c6 8.Be2 Re8 9.O-O 
Qa5 10.a3 e5 11.b4 Qc7 12.dxe5 dxe5 13.Bh2 Nf8 14.Qc2 Bf5 15.e4 Bc8 16.Rfd1 Nh5 
17.c5 Nf4 18.Bc4 Be6 19.Bxe6 N8xe6 20.Rd6 Bf8 21.Rd2 Rad8 22.Rad1 Bg7 23.Rd6 
Rxd6 24.Rxd6 Rd8 25.Rxd8+ Qxd8 26.Qd2 Qxd2 27.Nxd2 Nd3 28.Nc4 Bf8 29.Nxe5 Ndf4 
30.Nd7 Bg7 31.Nd1 Ne2+ 32.Kf1 N2d4 33.Be5 Nc2 34.Bxg7 0-1

[Event "Jan Macieja Memorial"]
[Site "Warsaw POL"]
[Date "2023.07.10"]
[Round "1.47"]
[White "Niezhentsev, Kyrylo"]
[Black "Wilkinson, Kevin"]
[Result "1-0"]
[WhiteElo "2151"]
[BlackElo "1443"]
[EventDate "2023.07.10"]
[PlyCount "73"]

1.e4 c5 2.Nf3 d6 3.d4 cxd4 4.Nxd4 Nf6 5.f3 a6 6.c4 e5 7.Nc2 Be7 8.Nc3 Be6 9.Be3 
Nbd7 10.Be2 Rc8 11.Nd5 O-O 12.O-O h6 13.Qd2 Nc5 14.Rad1 Re8 15.Nxe7+ Qxe7 
16.Qxd6 Qxd6 17.Rxd6 Nfd7 18.Rfd1 Red8 19.b3 Kf8 20.Nb4 Ke7 21.R6d2 a5 22.Nd5+ 
Bxd5 23.Rxd5 b6 24.Kf2 f6 25.Rd6 Kf7 26.Bxc5 bxc5 27.Rxd7+ Rxd7 28.Rxd7+ Kg6 
29.Ke3 Rc6 30.f4 exf4+ 31.Kxf4 a4 32.bxa4 Ra6 33.Bg4 Rxa4 34.Bf5+ Kh5 35.Rxg7 
Rxc4 36.Bg4+ Kh4 37.g3# 1-0

[Event "Jan Macieja Memorial"]
[Site "Warsaw POL"]
[Date "2023.07.10"]
[Round "1.48"]
[White "Rzap, Filip"]
[Black "Golecki, Jan"]
[Result "1-0"]
[WhiteElo "1546"]
[BlackElo "2122"]
[EventDate "2023.07.10"]
[PlyCount "73"]

1.d4 Nf6 2.c4 e6 3.Nf3 b6 4.g3 Ba6 5.b3 Bb4+ 6.Bd2 Be7 7.Bg2 d5 8.Ne5 O-O 9.O-O 
c6 10.Nc3 dxc4 11.Bf4 cxb3 12.axb3 Bb7 13.e4 Nbd7 14.Qc2 a5 15.Rfd1 Qc8 16.Nc4 
c5 17.d5 exd5 18.exd5 Nh5 19.Be3 g6 20.Nb5 Ba6 21.d6 Bf6 22.Nc3 Bb7 23.Nd5 Bxa1 
24.Ne7+ Kh8 25.Nxc8 Bxg2 26.Kxg2 Bg7 27.N8xb6 Nxb6 28.Nxb6 Ra6 29.Nc4 Nf6 
30.Bxc5 Nd7 31.Be3 Rc8 32.Bd4 a4 33.Bxg7+ Kxg7 34.Qb2+ f6 35.Re1 Nc5 36.Re7+ 
Kf8 37.Qxf6+ 1-0

[Event "Jan Macieja Memorial"]
[Site "Warsaw POL"]
[Date "2023.07.10"]
[Round "1.49"]
[White "Zubova, Mariya"]
[Black "Szlod, Wiktor"]
[Result "1-0"]
[WhiteElo "2116"]
[BlackElo "1439"]
[EventDate "2023.07.10"]
[PlyCount "63"]

1.e4 c5 2.Nf3 Nc6 3.Bb5 g6 4.c3 Nf6 5.d3 Bg7 6.O-O O-O 7.Re1 d6 8.h3 Bd7 9.Bg5 
a6 10.Ba4 b5 11.Bc2 Qc7 12.Nbd2 b4 13.d4 cxd4 14.cxd4 e6 15.Rc1 Qb6 16.Nc4 Qb8 
17.Bf4 e5 18.dxe5 Nh5 19.Bh2 Rd8 20.exd6 Be6 21.Ba4 Na7 22.e5 Nb5 23.g4 Bxc4 
24.Rxc4 Qb7 25.gxh5 Rac8 26.Rxc8 Qxc8 27.Kg2 Qf5 28.hxg6 Qxg6+ 29.Bg3 h5 30.h4 
Qe6 31.Bb3 Qd7 32.e6 1-0

[Event "Jan Macieja Memorial"]
[Site "Warsaw POL"]
[Date "2023.07.10"]
[Round "1.50"]
[White "Spoczynski, Marcin"]
[Black "Rogulski, Witold"]
[Result "1-0"]
[WhiteElo "1436"]
[BlackElo "2110"]
[EventDate "2023.07.10"]
[PlyCount "48"]

1.e4 d6 2.d4 Nf6 3.Nc3 c6 4.Bd3 Qc7 5.Nf3 e5 6.O-O Be7 7.Qe2 O-O 8.h3 h6 9.Be3 
b5 10.a3 a6 11.Rad1 Re8 12.Nh2 exd4 13.Bxd4 c5 14.Bxf6 Bxf6 15.Nd5 Qd8 16.b3 
Be6 17.c4 Nc6 18.Rb1 Bxd5 19.cxd5 Nd4 20.Qh5 Re5 21.Qd1 Rc8 22.f4 Re8 23.Nf3 
Qa5 24.Qc1 Rxe4 1-0

[Event "Jan Macieja Memorial"]
[Site "Warsaw POL"]
[Date "2023.07.10"]
[Round "1.51"]
[White "Kultiyasov, Mikhail"]
[Black "Oles, Jan"]
[Result "1-0"]
[WhiteElo "2104"]
[BlackElo "1362"]
[EventDate "2023.07.10"]
[PlyCount "35"]

1.e4 e5 2.Nf3 d6 3.d4 exd4 4.Nxd4 Nf6 5.Nc3 Be7 6.Bc4 O-O 7.O-O Nxe4 8.Nxe4 d5 
9.Bd3 dxe4 10.Bxe4 f5 11.Bf3 c5 12.Nb5 Qxd1 13.Rxd1 Na6 14.Bf4 Nb4 15.Nc7 Rb8 
16.Nd5 Nxd5 17.Bxd5+ Kh8 18.Bxb8 1-0

[Event "Jan Macieja Memorial"]
[Site "Warsaw POL"]
[Date "2023.07.10"]
[Round "1.52"]
[White "Kaczmarek, Piotr"]
[Black "Kaliszuk, Kamil"]
[Result "0-1"]
[WhiteElo "1435"]
[BlackElo "2134"]
[EventDate "2023.07.10"]
[PlyCount "87"]

1.d4 d5 2.c4 e6 3.Nc3 c6 4.Nf3 dxc4 5.e4 b5 6.a4 Bb4 7.axb5 cxb5 8.Bd2 Bxc3 
9.Bxc3 Bb7 10.d5 Nf6 11.dxe6 Qxd1+ 12.Rxd1 fxe6 13.Nd4 Nxe4 14.Nxe6 Na6 
15.Nxg7+ Kf8 16.Ne6+ Ke7 17.Bxh8 Kxe6 18.Bc3 Nxc3 19.bxc3 Nc5 20.f3 Na4 21.Rc1 
Rd8 22.Be2 a5 23.O-O Rd2 24.Rfe1 Kf7 25.Bd1 Nc5 26.Bc2 b4 27.cxb4 axb4 28.Bxh7 
c3 29.Bc2 Bd5 30.Re5 Kf6 31.Rf5+ Ke7 32.Re5+ Kd6 33.Rg5 b3 34.Bxb3 Bxb3 35.Rxc3 
Nd3 36.h4 Bd5 37.h5 Nf4 38.Ra3 Ke7 39.Ra6 Ne6 40.Re5 Kf6 41.Re1 Bc4 42.Rc6 Bd5 
43.Rd6 Ke7 44.Ra6 0-1

[Event "Jan Macieja Memorial"]
[Site "Warsaw POL"]
[Date "2023.07.10"]
[Round "1.53"]
[White "Makarewicz, Pawel"]
[Black "Urych, Krzysztof"]
[Result "1-0"]
[WhiteElo "2085"]
[BlackElo "1427"]
[EventDate "2023.07.10"]
[PlyCount "97"]

1.e4 c5 2.a3 e6 3.b4 cxb4 4.axb4 d5 5.exd5 exd5 6.c3 Nf6 7.d4 Bd6 8.Bg5 h6 
9.Bh4 O-O 10.Nf3 Bg4 11.Be2 Nbd7 12.O-O Re8 13.Nbd2 Qc7 14.Rc1 Ne4 15.Nxe4 dxe4 
16.Nd2 Bxe2 17.Qxe2 Bxh2+ 18.Kh1 Bf4 19.c4 Nb6 20.c5 Nd5 21.b5 Bxd2 22.Qxd2 Qf4 
23.Qxf4 Nxf4 24.Bg3 Ne2 25.Rcd1 Nxg3+ 26.fxg3 Rad8 27.d5 Re5 28.c6 bxc6 29.dxc6 
Rc8 30.Rb1 e3 31.Rfe1 Kh7 32.Kg1 f5 33.Kf1 g5 34.Ke2 f4 35.gxf4 gxf4 36.Kf3 Rf5 
37.Ke4 Rf7 38.Kf3 Kg6 39.Red1 Rf6 40.Rd7 Rf7 41.Rbd1 Rxd7 42.Rxd7 Kf6 43.Rxa7 
Re8 44.Ra1 Rb8 45.Rb1 Ke6 46.Kxf4 Kd6 47.Kxe3 Kc5 48.Kf4 Rg8 49.g4 1-0

[Event "Jan Macieja Memorial"]
[Site "Warsaw POL"]
[Date "2023.07.10"]
[Round "1.54"]
[White "Kryston, Aleksander"]
[Black "Chmiel, Marcin"]
[Result "0-1"]
[WhiteElo "1560"]
[BlackElo "2084"]
[EventDate "2023.07.10"]
[PlyCount "42"]

1.d4 d5 2.c4 c6 3.Nc3 Nf6 4.e3 e6 5.Qc2 Nbd7 6.Nf3 Bd6 7.g4 h6 8.Be2 e5 9.cxd5 
cxd5 10.dxe5 Nxe5 11.Nd4 Bxg4 12.Bxg4 Nexg4 13.Ndb5 O-O 14.h3 Ne5 15.Nxd6 Qxd6 
16.Bd2 Nf3+ 17.Ke2 Ne5 18.Rag1 Rfe8 19.e4 Nxe4 20.Nxe4 dxe4 21.Qxe4 Ng6 0-1

[Event "Jan Macieja Memorial"]
[Site "Warsaw POL"]
[Date "2023.07.10"]
[Round "1.55"]
[White "Mulawa, Cyprian"]
[Black "Hartman, Aleksander"]
[Result "1-0"]
[WhiteElo "2081"]
[BlackElo "1415"]
[EventDate "2023.07.10"]
[PlyCount "95"]

1.d4 Nf6 2.c4 g6 3.Nf3 Bg7 4.e3 d6 5.b3 O-O 6.Bb2 Nbd7 7.Nbd2 Re8 8.Be2 e5 
9.dxe5 Nxe5 10.O-O Nfd7 11.Qc2 Nxf3+ 12.Nxf3 Bxb2 13.Qxb2 Qf6 14.Qxf6 Nxf6 
15.Rad1 Bf5 16.Nd4 Be4 17.f3 Bc6 18.e4 Nd7 19.Kf2 a5 20.Rc1 Re7 21.a3 Rae8 
22.b4 axb4 23.axb4 Ne5 24.f4 Nd7 25.b5 Bxe4 26.g3 Nc5 27.Rfd1 h5 28.Bf1 Ra8 
29.Ra1 Ree8 30.Be2 Rxa1 31.Rxa1 Kg7 32.Ra2 Bd3 33.Bxd3 Nxd3+ 34.Kf3 Nc5 35.Rd2 
Kf6 36.Ne2 Re4 37.Nd4 Re1 38.b6 cxb6 39.Nb5 Rc1 40.Nxd6 Nb3 41.Rd5 Rc3+ 42.Kg2 
Na5 43.Ne4+ Ke6 44.Nxc3 Nxc4 45.Rb5 Kd6 46.Kf3 Na3 47.Rxb6+ Kc5 48.Rxb7 1-0

[Event "Jan Macieja Memorial"]
[Site "Warsaw POL"]
[Date "2023.07.10"]
[Round "1.56"]
[White "Szedny, Boguslaw"]
[Black "Padalka, Artem"]
[Result "0-1"]
[WhiteElo "1414"]
[BlackElo "2073"]
[EventDate "2023.07.10"]
[PlyCount "42"]

1.e4 c5 2.Nf3 d6 3.d4 cxd4 4.Nxd4 Nf6 5.Nc3 g6 6.Be2 Bg7 7.Be3 Nc6 8.g4 h5 9.g5 
Ng4 10.Nxc6 bxc6 11.Bd2 Qb6 12.O-O Qxb2 13.Rb1 Qa3 14.Rb3 Qc5 15.h3 Qe5 16.f4 
Qd4+ 17.Kg2 Ne3+ 18.Bxe3 Qxe3 19.Bd3 Qxh3+ 20.Kf2 Bd4+ 21.Ke1 Qg3+ 0-1

[Event "Jan Macieja Memorial"]
[Site "Warsaw POL"]
[Date "2023.07.10"]
[Round "1.57"]
[White "Sliwicki, Damian"]
[Black "Etel, Szymon"]
[Result "0-1"]
[WhiteElo "2005"]
[BlackElo "1365"]
[EventDate "2023.07.10"]
[PlyCount "117"]

1.e4 e6 2.d4 d5 3.Nc3 Nf6 4.Bg5 Be7 5.e5 Nfd7 6.h4 h6 7.Bxe7 Qxe7 8.Qg4 O-O 
9.O-O-O c5 10.Nf3 Nc6 11.dxc5 Qxc5 12.Qg3 b5 13.Bxb5 Rb8 14.a4 a6 15.Bxc6 Qxc6 
16.Nd4 Qb7 17.Nb3 Qc7 18.f4 Nc5 19.Nxc5 Qxc5 20.Rh3 Qb4 21.b3 Bd7 22.Qd3 Rfc8 
23.Kb2 Qxf4 24.Qd4 Qxd4 25.Rxd4 Rb7 26.g4 Be8 27.g5 h5 28.Rf3 Rbc7 29.Rdf4 Kh7 
30.Rg3 g6 31.Rd4 Kg7 32.Rdd3 Bc6 33.Ne2 Be8 34.Nd4 Bd7 35.Rgf3 Be8 36.Rf2 Bd7 
37.Rdf3 Be8 38.c3 Rb8 39.Ka3 Rcb7 40.b4 Rc7 41.Nb3 Rc4 42.Nc5 Rxh4 43.Nxa6 Ra8 
44.Nc5 Rc4 45.a5 d4 46.Kb3 Rxc3+ 47.Rxc3 dxc3 48.Kxc3 Rd8 49.a6 Bb5 50.a7 Ra8 
51.Ra2 Bc6 52.Ra6 Bd5 53.b5 h4 54.b6 h3 55.Ra2 Bxa2 56.b7 h2 57.bxa8=Q Bd5 
58.Nxe6+ fxe6 59.Qb8 0-1